• 首页
  • 本馆介绍
  • 公告通知
  • 最新文献
  • 馆藏检索
  • 电子资源
  • 读者导购
  • 参考咨询
  • 我的图书馆
  • 登录
  • 详细信息显示
  • 放入我的书架
  • 预约/预借图书
  • 作者相关作品
  • 分类相关作品
  • 丛书相关作品
  • 出版社相关作品

书目信息

  • 表格格式
  • 工作单格式
  • 卡片格式
题名:
财政本质问题论文选
    
 
作者: ;财政部财政科学研究所 编
分册:  
出版信息: 北京   经济科学出版社  1984
页数: 334页
开本: 19cm
丛书名:
单 册:
中图分类: F810-53
科图分类:
主题词: 财政学--文集
电子资源:
ISBN:
000 00697nam0 2200241 45
001 0184013791
005 20040429165840.7
010    @dCNY1.15
091    @a4312.13
100    @a19950626d1984 emky0chiy0121 ea
101 0  @achi
102    @aCN@b110000
105    @ay z 000yy
106    @ar
200 10 @a财政本质问题论文选@Acai zheng ben zhi wen ti lun wen xuan@f财政部财政科学研究所编
210    @a北京@c经济科学出版社@d1984
215    @a334页@d19cm
606    @a财政学@x文集
690    @aF810-53@v3
711 02 @a财政部财政科学研究所@Acai zheng bu cai zheng ke xue yan jiu suo@4编
801  0 @aCN@b上海图书馆@c20040429
801  2 @aCN@bNLC@c20040429
905    @f1@b109845@dF810-53@e12
    
    财政本质问题论文选/财政部财政科学研究所编.-北京:经济科学出版社,1984
    334页;19cm
    
    
    ISBN :CNY1.15
    
●
相关链接 在E读中查询图书 在五车中查询图书 在当当中查询图书 在豆瓣中查询图书


正题名:财政本质问题论文选     索取号:F810-53/12         预约/预借

序号 登录号 条形码 馆藏地/架位号 状态 备注
1 0109845   000490392   第一借阅区/ [索取号:F810-53/12] 在馆    
2 0109846   000490383   第一样本阅览室/ [索取号:F810-53/12] 在馆    
唐山师范学院图书馆 欢迎您!
大连网信软件有限公司© 版权所有